الخط الوردي بوصلة المرأة في سوق العمل : (رقم التسجيلة. 144880)

تفاصيل مارك
000 -الفاتح
عناصر البيانات ثابتة الطول 00754cam a2200193 i 4500
005 - تاريخ ووقت آخر معاملة
حقل ضبط 20260119111955.0
008 - عناصر البيانات ثابتة الطول
عناصر البيانات ثابتة الطول 250721s2022 su gr 000 0 ara d
020 ## - الترقيم الدولي المعياري للكتب (ردمك)
الترقيم الدولي المعياري للكتب (ردمك) 978999580637
082 14 - رقم تصنيف ديوي العشري
رقم التصنيف 331.4
رقم المادة خ ل ي
100 1# - مدخل رئيسي – اسم شخصي
الاسم الشخصي ال خليفه، نورة
علاقة الشخص بالعمل/ دوره مؤلف
245 12 - بيان العنوان
العنوان الخط الوردي بوصلة المرأة في سوق العمل :
بقية العنوان بوصلة المرأة في سوق العمل /
بيان المسؤولية الشيخة نورة بنت خليفة آل خليفة.
250 ## - بيان الطبعة
بيان الطبعة الطبعة الاولى.
264 31 - بيانات النشر، التوزيع…إلخ
مكان النشر، التوزيع...إلخ الدمام :
اسم الناشر، الموزع...إلخ مركز الادب العربي،
تاريخ النشر، التوزيع...إلخ 2022.
300 ## - الوصف المادي
عدد الوحدات المكونة للوعاء 141 صفحة.
650 17 - مدخل إضافي بالموضوع - مصطلح موضوعي
مصطلح موضوعي أو اسم جغرافي كعنصر مدخل المرأة العاملة.
650 17 - مدخل إضافي بالموضوع - مصطلح موضوعي
مصطلح موضوعي أو اسم جغرافي كعنصر مدخل التنمية البشرية.
942 ## - بيانات إضافية (كوها)
نوع التنصيف Dewey Decimal Classification
نوع المادة (كوها) كتب
المقتنيات
حالة السحب حالة الفقدان مصدر التصنيف حالة التلف غير قابل للإعارة المكتبة الرئيسية المكتبة الحالية موقع الرف تاريخ التزويد الرقم المتسلسل Total Checkouts رقم الإستدعاء الباركود تاريخ آخر ظهور تاريخ الفاتورة نوع المادة (كوها)
    Dewey Decimal Classification     المكتبة المركزية المكتبة المركزية الإعارة 28/07/2025 1781719   331.4 / خ ل ي PLD00506261 28/07/2025 28/07/2025 كتب
    Dewey Decimal Classification     مكتبة الجويدة مكتبة الجويدة الإعارة 01/11/2023 1781720   331.4/خلي PLD00506426 28/07/2025 01/11/2023 كتب
    Dewey Decimal Classification     مكتبة حمزة العامة مكتبة حمزة العامة الإعارة 01/11/2023 1781721   331.4/خلي PLD00506427 28/07/2025 01/11/2023 كتب
Implemented & Customized by: BBB with SCIT (Smart Chains for Information Technology)

Powered by Koha